01475nam a2200361Ia 4500001001200000003000800012006001900020007001500039008004100054015001500095020001700110020002300127040002100150035002100171050002400192082001700216100002800233245011500261260003600376300001400412490003900426504005100465533015200516650006100668650006900729650002800798651005800826655002900884710001700913830004000930856012600970999001701096ebr10057401CaPaEBRm u cr cn|||||||||021202s2002 enk sb 001 0 eng d aGBA2-V3677 z0333918754 : z0333714725(series) aCaPaEBRcCaPaEBR a(OCoLC)17916414214aPR8567b.D86 2002eb04a820.90032211 aDunnigan, Sarah,d1971-10aEros and poetry at the courts of Mary Queen of Scots and James VIh[electronic resource] /cSarah M. Dunnigan. aBasingstoke :bPalgrave,c2002. ax, 219 p.1 aEarly modern literature in history aIncludes bibliographical references and index. aElectronic reproduction.bPalo Alto, Calif. :cebrary,d2009.nAvailable via World Wide Web.nAccess may be limited to ebrary affiliated libraries. 0aEnglish poetryxScottish authorsxHistory and criticism. 0aErotic poetry, EnglishxScottish authorsxHistory and criticism. 0aMonarchy in literature. 0aScotlandxCourt and courtiersxHistoryy16th century. 7aElectronic books.2local2 aebrary, Inc. 0aEarly modern literature in history.40uhttp://site.ebrary.com/lib/rucke/Doc?id=10057401zAn electronic book accessible through the World Wide Web; click to view c71704d71704